LEADER 01171nam--2200373---450- 001 990006073880203316 005 20150916131247.0 035 $a000607388 035 $aUSA01000607388 035 $a(ALEPH)000607388USA01 035 $a000607388 100 $a20150916d--------km-y0itay50------ba 101 $afre 102 $aFR 105 $a||||||||001yy 200 1 $a<> chasse dans la législation statutaire italienne$fH. Zug Tucci 210 $a[S.l.]$c[s.n.]$d[s.d.] 215 $a[99]-112 p.$d24 cm 300 $aTitolo della copertina 300 $aEstratto da: Actes du Colloque du Centre d'Études Médiévales de Nice, Nice 22-24 juin 1979 300 $aIn copertina: La chasse au Moyen Age 410 0$12001 454 1$12001 606 0 $aCaccia$xLegislazione$yItalia$2BNCF 676 $a346.45046954 700 1$aZUG TUCCI,$bHannelore$0620418 801 0$aIT$bsalbc$gISBD 912 $a990006073880203316 951 $aFC.OE. 1061$b1192 FCil$cFC.OE.$d00346406 959 $aBK 969 $aFCIL 979 $aGENEROSO$b90$c20150916$lUSA01$h1312 996 $aChasse dans la législation statutaire italienne$91518720 997 $aUNISA LEADER 02388nam 2200553 a 450 001 9910457838703321 005 20200520144314.0 010 $a1-61300-084-7 035 $a(CKB)2550000000088321 035 $a(EBL)3116726 035 $a(SSID)ssj0000571425 035 $a(PQKBManifestationID)11390494 035 $a(PQKBTitleCode)TC0000571425 035 $a(PQKBWorkID)10618261 035 $a(PQKB)11732759 035 $a(MiAaPQ)EBC3116726 035 $a(Au-PeEL)EBL3116726 035 $a(CaPaEBR)ebr10522381 035 $a(OCoLC)778432700 035 $a(EXLCZ)992550000000088321 100 $a20080703d2008 uy 0 101 0 $aeng 135 $aurcn||||||||| 181 $ctxt 182 $cc 183 $acr 200 10$aWater filtration practices$b[electronic resource] $eincluding slow sand filters and precoat filtration /$fGary S. Logsdon 205 $a1st ed. 210 $aDenver, Colo. $cAmerican Water Works Association$dc2008 215 $a1 online resource (314 p.) 300 $aDescription based upon print version of record. 311 $a1-58321-595-6 320 $aIncludes bibliographical references and index. 327 $a""Water Filtration Practices""; ""Contents""; ""Figures""; ""Tables""; ""Preface""; ""Acknowledgments""; ""Introduction""; ""Pretreatment: Management and Monitoring of Chemical Coagulation and Lime Softening""; ""Chemical Feed and Mixing, Flocculation, and Clarification""; ""Granular Media Filtration Concepts, Operation, and Management""; ""Water Treatment Under Difficult Raw Water Conditions""; ""Backwashing Filters""; ""Returning Filters to Service After Backwashing""; ""Monitoring Filter Performance""; ""Quality Control for the Laboratory and Plant"" 327 $a""Filter Inspection and Maintenance""""Slow Sand Filtration""; ""Precoat Filtration""; ""Glossary""; ""Index""; ""About the Author"" 606 $aWater$xPurification$xFiltration 606 $aWater$xPurification$xSlow sand filtration 608 $aElectronic books. 615 0$aWater$xPurification$xFiltration. 615 0$aWater$xPurification$xSlow sand filtration. 676 $a628.1/64 700 $aLogsdon$b Gary S$0990829 801 0$bMiAaPQ 801 1$bMiAaPQ 801 2$bMiAaPQ 906 $aBOOK 912 $a9910457838703321 996 $aWater filtration practices$92267159 997 $aUNINA LEADER 03145nam 2200661 a 450 001 9910785066803321 005 20230617025622.0 010 $a1-282-70109-6 010 $a9786612701092 010 $a1-4399-0423-5 035 $a(CKB)2670000000031942 035 $a(EBL)951122 035 $a(OCoLC)806203257 035 $a(SSID)ssj0000421669 035 $a(PQKBManifestationID)11296315 035 $a(PQKBTitleCode)TC0000421669 035 $a(PQKBWorkID)10415598 035 $a(PQKB)10568746 035 $a(SSID)ssj0000650821 035 $a(PQKBManifestationID)12283884 035 $a(PQKBTitleCode)TC0000650821 035 $a(PQKBWorkID)10616083 035 $a(PQKB)10712687 035 $a(MiAaPQ)EBC951122 035 $a(OCoLC)646817036 035 $a(MdBmJHUP)muse15573 035 $a(Au-PeEL)EBL951122 035 $a(CaPaEBR)ebr10400397 035 $a(CaONFJC)MIL270109 035 $a(EXLCZ)992670000000031942 100 $a20021213e20031982 uy 0 101 0 $aeng 135 $aur|n|---||||| 181 $ctxt 182 $cc 183 $acr 200 10$aLabor's war at home$b[electronic resource] $ethe CIO in World War II : with a new introduction by the author /$fNelson Lichtenstein 210 $aPhiladelphia, Pa. $cTemple University Press$d2003 215 $a1 online resource (353 p.) 225 1 $aLabor in crisis 300 $aOriginally published: Cambridge [Cambridgeshire] ; New York : Cambridge University Press, 1982. 311 $a1-59213-196-4 311 $a1-59213-197-2 320 $aIncludes bibliographical references (p. 301-307) and index. 327 $aContents; List of Abbreviations; Introduction to the new edition; Preface; 1. Introduction; 2. The Unfinished Struggle; 3. CIO politics on the eve of war; 4. ""Responsible unionism""; 5. Union security and the Little Steel formula; 6. ""Equality of sacrifice""; 7. The social ecology of shop-floor conflict; 8. Incentive pay politics; 9. Holding the line; 10. The bureaucratic imperative; 11. Reconversion politics; 12. Epilogue: Labor in postwar America; Notes; Bibliographical essay; Index 330 $aLabor's War at Home examines a critical period in American politics and labor history, beginning with the outbreak of war in Europe in 1939 through the wave of major industrial strikes that followed the war and accompanied the reconversion to a peacetime economy. Nelson Lichtenstein is concerned both with the internal organizations and social dynamics of the labor movement-especially the Congress of Industrial Organizations-and with the relationship between the CIO, as well as other bodies of organized labor, and the Roosevelt administration. He argues that tensions within the labor movement a 410 0$aLabor in crisis. 606 $aLabor policy$zUnited States$xHistory$y20th century 615 0$aLabor policy$xHistory 676 $a331.88/33/097309044 700 $aLichtenstein$b Nelson$0245053 801 0$bMiAaPQ 801 1$bMiAaPQ 801 2$bMiAaPQ 906 $aBOOK 912 $a9910785066803321 996 $aLabor's war at home$9654515 997 $aUNINA